[Event "Beijing Sportaccord blitz (Women)"]
[Site "Beijing"]
[Date "2014.12.14"]
[Round "16"]
[White "Gunina, Valentina"]
[Black "Kosteniuk, Alexandra"]
[Result "1-0"]
[WhiteElo "2522"]
[BlackElo "2541"]
[PlyCount "145"]
[EventDate "2014.12.13"]
[EventType "tourn (blitz)"]
[EventRounds "30"]
[EventCountry "CHN"]
[EventCategory "12"]
[SourceTitle "CBM 163 Extra"]
[Source "ChessBase"]
[SourceDate "2014.12.23"]
[SourceVersion "1"]
[SourceVersionDate "2014.12.23"]
[SourceQuality "1"]

1. d4 Nf6 2. c4 e6 3. Nf3 d5 4. Nc3 c5 5. cxd5 Nxd5 6. e3 Nc6 7. Bd3 Be7 8. O-O
O-O 9. Qe2 cxd4 10. exd4 Bf6 11. Rd1 g6 12. Bh6 Re8 13. Be4 Nxc3 14. bxc3 Qa5
15. Rac1 Qh5 16. Bf4 Bd7 17. h3 Rad8 18. Bc7 Rc8 19. Bg3 Bg7 20. c4 Qa5 21. Rb1
Qa6 22. Rd2 Rcd8 23. Qd1 Bc8 24. d5 exd5 25. Bxd5 Be6 26. Bh4 Rc8 27. Ng5 Bxd5
28. cxd5 Ne5 29. d6 Nd7 30. Qb3 Rf8 31. Ne4 Qc4 32. Qf3 Ne5 33. Nf6+ Kh8 34.
Qg3 Qc5 35. d7 Rcd8 36. Ne4 Qc6 37. Bxd8 Qxe4 38. Rbd1 Rxd8 39. Qb3 Qc6 40. f4
Nc4 41. Re2 b5 42. Re8+ Rxe8 43. d8=Q Rxd8 44. Rxd8+ Bf8 45. Rxf8+ Kg7 46. Rb8
Qc5+ 47. Kh2 Qd4 48. Rxb5 Qxf4+ 49. Qg3 Qd4 50. Rb4 a5 51. Rb7 Ne3 52. Rb1 Nf5
53. Qb3 Qf4+ 54. Kg1 Qd4+ 55. Kh1 Qf4 56. Qc3+ Kg8 57. Re1 Ng3+ 58. Kg1 Ne4 59.
Qd4 f5 60. Rb1 Qg3 61. Qd8+ Kg7 62. Qd4+ Kh6 63. Rf1 Ng5 64. Qf4 Qxf4 65. Rxf4
Ne4 66. Rf3 Kg5 67. Ra3 Kf4 68. Rxa5 Nc3 69. Ra3 Ne2+ 70. Kf2 Nc1 71. Ra4+ Ke5
72. Ke3 g5 73. Kd2 1-0

[Event "Beijing Sportaccord blitz (Women)"]
[Site "Beijing"]
[Date "2014.12.14"]
[Round "17"]
[White "Kosteniuk, Alexandra"]
[Black "Ju, Wenjun"]
[Result "1-0"]
[WhiteElo "2541"]
[BlackElo "2568"]
[PlyCount "43"]
[EventDate "2014.12.13"]
[EventType "tourn (blitz)"]
[EventRounds "30"]
[EventCountry "CHN"]
[EventCategory "12"]
[SourceTitle "CBM 163 Extra"]
[Source "ChessBase"]
[SourceDate "2014.12.23"]
[SourceVersion "1"]
[SourceVersionDate "2014.12.23"]
[SourceQuality "1"]

1. e4 c5 2. c3 d5 3. exd5 Qxd5 4. d4 Nf6 5. Nf3 e6 6. Bd3 cxd4 7. cxd4 Be7 8.
Nc3 Qd6 9. O-O O-O 10. Qe2 Nc6 11. Rd1 b6 12. Nb5 Qd8 13. Ne5 Bb7 14. Bg5 g6
15. Rac1 Nb4 16. Bc4 Nbd5 17. Re1 a6 18. Nc3 b5 19. Bb3 Rc8 20. Bh6 Re8 21.
Nxf7 Bb4 22. Nxd8 1-0

[Event "Beijing Sportaccord blitz (Women)"]
[Site "Beijing"]
[Date "2014.12.13"]
[Round "18"]
[White "Koneru, Humpy"]
[Black "Kosteniuk, Alexandra"]
[Result "0-1"]
[WhiteElo "2581"]
[BlackElo "2541"]
[PlyCount "100"]
[EventDate "2014.12.13"]
[EventType "tourn (blitz)"]
[EventRounds "30"]
[EventCountry "CHN"]
[EventCategory "12"]
[SourceTitle "CBM 163 Extra"]
[Source "ChessBase"]
[SourceDate "2014.12.23"]
[SourceVersion "1"]
[SourceVersionDate "2014.12.23"]
[SourceQuality "1"]

1. d4 Nf6 2. Nf3 e6 3. e3 d5 4. Bd3 c5 5. b3 Nc6 6. Bb2 Be7 7. O-O O-O 8. Nbd2
b6 9. c4 cxd4 10. exd4 Bb7 11. Qe2 Re8 12. Rac1 Rc8 13. a3 a5 14. Rfd1 Bf8 15.
Nf1 g6 16. Ne3 Bg7 17. c5 bxc5 18. dxc5 e5 19. Bb5 Qc7 20. Nxd5 Nxd5 21. Rxd5
Re7 22. Rd6 Nd4 23. Nxd4 exd4 24. Qd2 Be5 25. Rxd4 Bxh2+ 26. Kf1 Be5 27. c6 Qb6
28. cxb7 Rxc1+ 29. Bxc1 Bxd4 30. b8=Q+ Qxb8 31. Bc4 Qe5 32. g3 Qe4 33. Kg1 Qf3
34. Qxd4 Re1+ 35. Bf1 Rxc1 36. Qd8+ Kg7 37. Qd4+ Qf6 38. Qd2 Qa1 39. Qd3 Rd1
40. Qe2 Re1 41. Qd3 h5 42. b4 axb4 43. axb4 h4 44. gxh4 Qf6 45. Qg3 Rb1 46. b5
Rb4 47. h5 Rb1 48. Kg2 Qf5 49. Bd3 Qd5+ 50. Qf3 Rg1+ 0-1

[Event "Beijing Sportaccord blitz (Women)"]
[Site "Beijing"]
[Date "2014.12.13"]
[Round "19"]
[White "Kosteniuk, Alexandra"]
[Black "Stefanova, Antoaneta"]
[Result "1-0"]
[WhiteElo "2541"]
[BlackElo "2517"]
[PlyCount "75"]
[EventDate "2014.12.13"]
[EventType "tourn (blitz)"]
[EventRounds "30"]
[EventCountry "CHN"]
[EventCategory "12"]
[SourceTitle "CBM 163 Extra"]
[Source "ChessBase"]
[SourceDate "2014.12.23"]
[SourceVersion "1"]
[SourceVersionDate "2014.12.23"]
[SourceQuality "1"]

1. e4 e5 2. Nf3 Nc6 3. Bc4 Bc5 4. c3 Nf6 5. d4 exd4 6. cxd4 Bb4+ 7. Bd2 Bxd2+
8. Nbxd2 d5 9. exd5 Nxd5 10. O-O O-O 11. Rc1 Nb6 12. Bb3 Bg4 13. h3 Bh5 14. Rc5
Bg6 15. Qc1 Rc8 16. Qc3 Qd6 17. Re1 Rfd8 18. Ne4 Qd7 19. Neg5 Qd6 20. Ne5 Nxe5
21. dxe5 Qe7 22. e6 f6 23. Nf7 Re8 24. Rc1 c6 25. Rd1 Rb8 26. Ra5 a6 27. f4 Nd5
28. Bxd5 cxd5 29. Raxd5 Qxe6 30. Nd6 Rf8 31. f5 Bxf5 32. Nxf5 Rfe8 33. Qg3 g6
34. Nh6+ Kg7 35. Ng4 Kh8 36. Rd7 h5 37. Qf4 Re7 38. Qxb8+ 1-0

[Event "Beijing Sportaccord blitz (Women)"]
[Site "Beijing"]
[Date "2014.12.14"]
[Round "20"]
[White "Paehtz, Elisabeth"]
[Black "Kosteniuk, Alexandra"]
[Result "1-0"]
[WhiteElo "2485"]
[BlackElo "2541"]
[PlyCount "73"]
[EventDate "2014.12.13"]
[EventType "tourn (blitz)"]
[EventRounds "30"]
[EventCountry "CHN"]
[EventCategory "12"]
[SourceTitle "CBM 163 Extra"]
[Source "ChessBase"]
[SourceDate "2014.12.23"]
[SourceVersion "1"]
[SourceVersionDate "2014.12.23"]
[SourceQuality "1"]

1. e4 c5 2. Nc3 Nc6 3. Bb5 Nf6 4. Bxc6 dxc6 5. d3 g6 6. Be3 b6 7. h3 Bg7 8. Qd2
Nd7 9. f4 Nf8 10. Nf3 Ne6 11. O-O Nd4 12. Nd1 O-O 13. c3 Nxf3+ 14. Rxf3 Ba6 15.
Nf2 Qd7 16. f5 Rfd8 17. Rd1 Qd6 18. Bf4 e5 19. Bh6 Bh8 20. c4 Qe7 21. b3 Rd4
22. Rf1 Rad8 23. fxg6 hxg6 24. Ng4 R8d7 25. Bg5 Rxd3 26. Rxd3 Rxd3 27. Qxd3
Qxg5 28. Qd7 f6 29. Qe8+ Kh7 30. Qf7+ Bg7 31. Nxf6+ Kh6 32. Ng4+ Kh7 33. Qe8
Qd2 34. Rf7 Qd4+ 35. Kh2 Qd6 36. Rxa7 Qd2 37. Qf7 1-0

[Event "Beijing Sportaccord blitz (Women)"]
[Site "Beijing"]
[Date "2014.12.15"]
[Round "21"]
[White "Kosteniuk, Alexandra"]
[Black "Ushenina, Anna"]
[Result "1-0"]
[WhiteElo "2541"]
[BlackElo "2494"]
[PlyCount "79"]
[EventDate "2014.12.13"]
[EventType "tourn (blitz)"]
[EventRounds "30"]
[EventCountry "CHN"]
[EventCategory "12"]
[SourceTitle "CBM 163 Extra"]
[Source "ChessBase"]
[SourceDate "2014.12.23"]
[SourceVersion "1"]
[SourceVersionDate "2014.12.23"]
[SourceQuality "1"]

1. e4 c5 2. Nf3 d6 3. Bb5+ Nd7 4. c3 Ngf6 5. Qe2 a6 6. Ba4 b5 7. Bc2 Bb7 8. d4
e5 9. d5 c4 10. b3 Rc8 11. O-O Be7 12. b4 a5 13. a4 axb4 14. cxb4 bxa4 15. Nc3
O-O 16. Rxa4 Ra8 17. Be3 Rxa4 18. Bxa4 Qa8 19. Ra1 Rc8 20. Ra2 Qb8 21. Nb5 Ba6
22. Na7 Rc7 23. b5 Bc8 24. Nc6 Rxc6 25. dxc6 Nb6 26. Bc2 h6 27. Bxb6 Qxb6 28.
Ra8 Qc7 29. Qxc4 Kh7 30. b6 Qxb6 31. Rxc8 Ng4 32. Qe2 Qb2 33. h3 Nf6 34. c7 Qb7
35. Rb8 Qxc7 36. Rb1 Nd7 37. Bb3 Nc5 38. Bxf7 Qa5 39. Qb5 Qc3 40. Qe8 1-0

[Event "Beijing Sportaccord blitz (Women)"]
[Site "Beijing"]
[Date "2014.12.15"]
[Round "22"]
[White "Hou, Yifan"]
[Black "Kosteniuk, Alexandra"]
[Result "1-0"]
[WhiteElo "2673"]
[BlackElo "2541"]
[PlyCount "99"]
[EventDate "2014.12.13"]
[EventType "tourn (blitz)"]
[EventRounds "30"]
[EventCountry "CHN"]
[EventCategory "12"]
[SourceTitle "CBM 163 Extra"]
[Source "ChessBase"]
[SourceDate "2014.12.23"]
[SourceVersion "1"]
[SourceVersionDate "2014.12.23"]
[SourceQuality "1"]

1. e4 e5 2. Bc4 Nf6 3. d3 c6 4. Nf3 d5 5. Bb3 Bd6 6. Nc3 Be6 7. exd5 cxd5 8.
Bg5 Bb4 9. O-O Bxc3 10. bxc3 Nc6 11. Re1 Qd6 12. Nxe5 Nxe5 13. Bf4 Nfd7 14. d4
O-O 15. dxe5 Qc6 16. Re3 a5 17. a4 Nc5 18. h4 Rac8 19. h5 Ne4 20. h6 g6 21. Qd4
Nxc3 22. Bg5 Ne4 23. Bh4 Qc5 24. Qd1 Qc7 25. Qd4 Qc5 26. Qd3 Qc7 27. Rae1 Nc5
28. Qd4 Ne4 29. f3 Nc3 30. Qf4 f5 31. Qd4 Qc5 32. Qxc5 Rxc5 33. Be7 Rc6 34.
Bxf8 Kxf8 35. Rd3 Rc5 36. Kf2 Ke7 37. Ke3 b6 38. Kd4 Nxa4 39. Ra1 Nb2 40. Rc3
Nc4 41. Bxc4 dxc4 42. f4 Bd5 43. Rb1 Bxg2 44. Rxb6 Rd5+ 45. Kxc4 Rd7 46. Kb5
Rd5+ 47. Rc5 Rd4 48. Rc7+ Kd8 49. Rxh7 Bf1+ 50. Kxa5 1-0

[Event "Beijing Sportaccord blitz (Women)"]
[Site "Beijing"]
[Date "2014.12.15"]
[Round "23"]
[White "Khotenashvili, Bela"]
[Black "Kosteniuk, Alexandra"]
[Result "0-1"]
[WhiteElo "2504"]
[BlackElo "2541"]
[PlyCount "88"]
[EventDate "2014.12.13"]
[EventType "tourn (blitz)"]
[EventRounds "30"]
[EventCountry "CHN"]
[EventCategory "12"]
[SourceTitle "CBM 163 Extra"]
[Source "ChessBase"]
[SourceDate "2014.12.23"]
[SourceVersion "1"]
[SourceVersionDate "2014.12.23"]
[SourceQuality "1"]

1. d4 d5 2. Nf3 Nf6 3. g3 b5 4. Bg2 Bb7 5. O-O e6 6. a4 b4 7. a5 c5 8. c3 Na6
9. Ne5 Bd6 10. Nd2 O-O 11. Ndf3 Ne4 12. c4 cxd4 13. Qxd4 Bc5 14. Qd3 dxc4 15.
Nxc4 Qf6 16. Be3 Rfd8 17. Qb1 Bd5 18. Bxc5 Naxc5 19. Ne3 Bb7 20. Rd1 Nb3 21.
Ra4 Rac8 22. Rxd8+ Qxd8 23. Qd3 Rc1+ 24. Nf1 Qxd3 25. exd3 Nec5 26. Rxb4 h6 27.
d4 Bxf3 28. Bxf3 Nd2 29. dxc5 Nxf3+ 30. Kg2 Ne1+ 31. Kh3 Rxc5 32. Rb8+ Kh7 33.
b4 Rh5+ 34. Kg4 Rg5+ 35. Kf4 Rf5+ 36. Ke3 Nc2+ 37. Ke2 Nd4+ 38. Ke3 Nc2+ 39.
Ke2 Nd4+ 40. Kd3 Nc6 41. f4 Nxb8 42. Ne3 Rb5 43. Kc4 a6 44. Nc2 Nc6 0-1

[Event "Beijing Sportaccord blitz (Women)"]
[Site "Beijing"]
[Date "2014.12.15"]
[Round "24"]
[White "Kosteniuk, Alexandra"]
[Black "Cramling, Pia"]
[Result "1-0"]
[WhiteElo "2541"]
[BlackElo "2518"]
[PlyCount "112"]
[EventDate "2014.12.13"]
[EventType "tourn (blitz)"]
[EventRounds "30"]
[EventCountry "CHN"]
[EventCategory "12"]
[SourceTitle "CBM 163 Extra"]
[Source "ChessBase"]
[SourceDate "2014.12.23"]
[SourceVersion "1"]
[SourceVersionDate "2014.12.23"]
[SourceQuality "1"]

1. e4 c5 2. Nf3 e6 3. d4 cxd4 4. Nxd4 a6 5. Nc3 b5 6. Bd3 d6 7. O-O Nf6 8. Re1
Be7 9. a4 bxa4 10. Nxa4 Bb7 11. c4 Nbd7 12. f3 O-O 13. Nc3 Qc7 14. Bf1 Rfc8 15.
Be3 Ne5 16. Ra4 Nfd7 17. f4 Nc6 18. Nb3 Nc5 19. Nxc5 dxc5 20. Bd3 Rd8 21. Qe2
Nd4 22. Qf1 Qb6 23. Ra2 Qb3 24. Qf2 Nc6 25. Ra3 Qb4 26. Bf1 Nd4 27. f5 exf5 28.
exf5 Bf6 29. Ra4 Qb6 30. Nd5 Bxd5 31. cxd5 Rxd5 32. g4 h6 33. Bg2 Rad8 34. Bxd5
Rxd5 35. Bf4 Qb5 36. Ra3 Nb3 37. Qe2 c4 38. Qe8+ Kh7 39. Qxb5 axb5 40. Ra8 g5
41. fxg6+ Kxg6 42. Ra6 Nc5 43. Rc6 Ne6 44. Bc1 Rd4 45. h3 Rd3 46. Kg2 Rb3 47.
h4 Bg7 48. h5+ Kh7 49. Rf1 Ng5 50. Bxg5 hxg5 51. Rxf7 Rxb2+ 52. Kf3 Rb3+ 53.
Ke4 Kg8 54. Rb7 c3 55. Rc8+ Kh7 56. Rcc7 Rb4+ 1-0

[Event "Beijing Sportaccord blitz (Women)"]
[Site "Beijing"]
[Date "2014.12.15"]
[Round "25"]
[White "Muzychuk, Mariya"]
[Black "Kosteniuk, Alexandra"]
[Result "1/2-1/2"]
[WhiteElo "2529"]
[BlackElo "2541"]
[PlyCount "73"]
[EventDate "2014.12.13"]
[EventType "tourn (blitz)"]
[EventRounds "30"]
[EventCountry "CHN"]
[EventCategory "12"]
[SourceTitle "CBM 163 Extra"]
[Source "ChessBase"]
[SourceDate "2014.12.23"]
[SourceVersion "1"]
[SourceVersionDate "2014.12.23"]
[SourceQuality "1"]

1. e4 e5 2. Nf3 Nf6 3. Nxe5 d6 4. Nf3 Nxe4 5. Nc3 Nxc3 6. dxc3 Be7 7. Bf4 Nc6
8. Qd2 Be6 9. Nd4 Nxd4 10. cxd4 O-O 11. Bd3 Qd7 12. O-O Bf6 13. c3 b5 14. Rfe1
Bd5 15. Qe2 c6 16. Qe3 Rae8 17. Qg3 Rxe1+ 18. Rxe1 Re8 19. Rxe8+ Qxe8 20. h3
Bxa2 21. Bxd6 g6 22. Qe3 Qd7 23. Be5 Bxe5 24. Qxe5 Bd5 25. b4 Qd8 26. Kh2 a5
27. bxa5 Qxa5 28. Qe8+ Kg7 29. Qe5+ Kf8 30. c4 bxc4 31. Bxc4 Kg8 32. h4 Qd8 33.
Bxd5 cxd5 34. g3 Qd7 35. Kg2 Qd8 36. Kh2 Qd7 37. Kg2 1/2-1/2

[Event "Beijing Sportaccord blitz (Women)"]
[Site "Beijing"]
[Date "2014.12.15"]
[Round "26"]
[White "Kosteniuk, Alexandra"]
[Black "Zhao, Xue"]
[Result "0-1"]
[WhiteElo "2541"]
[BlackElo "2514"]
[PlyCount "78"]
[EventDate "2014.12.13"]
[EventType "tourn (blitz)"]
[EventRounds "30"]
[EventCountry "CHN"]
[EventCategory "12"]
[SourceTitle "CBM 163 Extra"]
[Source "ChessBase"]
[SourceDate "2014.12.23"]
[SourceVersion "1"]
[SourceVersionDate "2014.12.23"]
[SourceQuality "1"]

1. e4 Nf6 2. e5 Nd5 3. d4 d6 4. Nf3 c6 5. Bc4 dxe5 6. Nxe5 Nd7 7. Nf3 N7b6 8.
Be2 Bf5 9. a3 Qc7 10. Ne5 f6 11. Nd3 e6 12. O-O Bd6 13. g3 O-O 14. Nc5 Bxc5 15.
dxc5 Nd7 16. c4 Ne7 17. Qd6 Qxd6 18. cxd6 Nc8 19. Nc3 Nc5 20. Be3 Nb3 21. d7
Nb6 22. Rad1 Rad8 23. Bxb6 axb6 24. Na4 e5 25. Nxb6 Nd4 26. Bd3 Bg4 27. Rc1 e4
28. Bxe4 Ne2+ 29. Kg2 Nxc1 30. Rxc1 Bxd7 31. Nxd7 Rxd7 32. b4 Re8 33. f3 Rd2+
34. Kh3 g6 35. g4 Re5 36. b5 f5 37. bxc6 fxe4 38. cxb7 Rb2 39. f4 Rc5 0-1

[Event "Beijing Sportaccord blitz (Women)"]
[Site "Beijing"]
[Date "2014.12.15"]
[Round "27"]
[White "Dzagnidze, Nana"]
[Black "Kosteniuk, Alexandra"]
[Result "1/2-1/2"]
[WhiteElo "2570"]
[BlackElo "2541"]
[PlyCount "97"]
[EventDate "2014.12.13"]
[EventType "tourn (blitz)"]
[EventRounds "30"]
[EventCountry "CHN"]
[EventCategory "12"]
[SourceTitle "CBM 163 Extra"]
[Source "ChessBase"]
[SourceDate "2014.12.23"]
[SourceVersion "1"]
[SourceVersionDate "2014.12.23"]
[SourceQuality "1"]

1. Nf3 d5 2. c4 e6 3. e3 Nf6 4. b3 Be7 5. Bb2 O-O 6. Be2 b6 7. O-O Bb7 8. Nc3
c5 9. cxd5 Nxd5 10. d4 Nd7 11. Rc1 Rc8 12. Nxd5 Bxd5 13. Ba6 Rc7 14. Qe2 Qa8
15. Rfd1 Nf6 16. Ne1 Qb8 17. Nd3 cxd4 18. Bxd4 Bd6 19. h3 Qa8 20. f3 Nh5 21. e4
Bb7 22. Bxb7 Qxb7 23. Qe3 Be7 24. Be5 Rxc1 25. Rxc1 Rc8 26. Rxc8+ Qxc8 27. Qd4
f6 28. Bh2 Qc2 29. Qc4 Qd1+ 30. Kf2 Qd2+ 31. Kf1 Qd1+ 32. Kf2 Qd2+ 33. Kf1 Qd1+
34. Ne1 Kf7 35. Qe2 Qxe2+ 36. Kxe2 e5 37. Nd3 g5 38. Bg1 Ng7 39. Kd2 Ne6 40.
Kc3 h5 41. Be3 Bd6 42. Kc4 Nc7 43. a4 Ke6 44. b4 Kd7 45. b5 Ne6 46. Kd5 Nc7+
47. Kc4 Ne6 48. Kd5 Nc7+ 49. Kc4 1/2-1/2

[Event "Beijing Sportaccord blitz (Women)"]
[Site "Beijing"]
[Date "2014.12.15"]
[Round "28"]
[White "Kosteniuk, Alexandra"]
[Black "Muzychuk, Anna"]
[Result "1/2-1/2"]
[WhiteElo "2541"]
[BlackElo "2545"]
[PlyCount "124"]
[EventDate "2014.12.13"]
[EventType "tourn (blitz)"]
[EventRounds "30"]
[EventCountry "CHN"]
[EventCategory "12"]
[SourceTitle "CBM 163 Extra"]
[Source "ChessBase"]
[SourceDate "2014.12.23"]
[SourceVersion "1"]
[SourceVersionDate "2014.12.23"]
[SourceQuality "1"]

1. e4 c5 2. Nf3 Nc6 3. d4 cxd4 4. Nxd4 Nf6 5. Nc3 e5 6. Ndb5 d6 7. Bg5 a6 8.
Na3 b5 9. Nd5 Be7 10. Bxf6 Bxf6 11. c4 b4 12. Nc2 O-O 13. Be2 a5 14. O-O Be6
15. Bg4 Ra7 16. h3 Rd7 17. Qd3 g6 18. Nxf6+ Qxf6 19. a3 Bxg4 20. hxg4 b3 21.
Qxb3 Rb8 22. Qc3 Rdb7 23. Ne3 Rb3 24. Nd5 Qg5 25. Qc1 Qxc1 26. Raxc1 Nd4 27.
Kh2 Rxb2 28. c5 dxc5 29. Rxc5 R8b5 30. Rc8+ Kg7 31. Nc7 Rb8 32. Rxb8 Rxb8 33.
Rc1 Rb2 34. g5 Rxf2 35. Ne8+ Kf8 36. Nf6 Ke7 37. Rc5 Ne6 38. Rxe5 h5 39. Rxa5
Nxg5 40. Ng8+ Kf8 41. Rxg5 Kxg8 42. a4 Ra2 43. a5 Ra4 44. Re5 Kg7 45. Kg3 Kf6
46. Kf4 Ra2 47. Rg5 Ra1 48. Rb5 Ra2 49. g3 Ra3 50. Rb6+ Kg7 51. a6 Ra5 52. e5
Ra4+ 53. Kf3 g5 54. Rc6 Ra3+ 55. Kf2 h4 56. gxh4 gxh4 57. Kg2 h3+ 58. Kh2 Kh7
59. Rf6 Kg7 60. Rb6 Kh7 61. Rf6 Kg7 62. Rb6 Kh7 1/2-1/2

[Event "Beijing Sportaccord blitz (Women)"]
[Site "Beijing"]
[Date "2014.12.15"]
[Round "29"]
[White "Kosintseva, Tatiana"]
[Black "Kosteniuk, Alexandra"]
[Result "1-0"]
[WhiteElo "2483"]
[BlackElo "2541"]
[PlyCount "115"]
[EventDate "2014.12.13"]
[EventType "tourn (blitz)"]
[EventRounds "30"]
[EventCountry "CHN"]
[EventCategory "12"]
[SourceTitle "CBM 163 Extra"]
[Source "ChessBase"]
[SourceDate "2014.12.23"]
[SourceVersion "1"]
[SourceVersionDate "2014.12.23"]
[SourceQuality "1"]

1. e4 c5 2. Nf3 Nc6 3. Bb5 Nf6 4. Nc3 g6 5. Bxc6 bxc6 6. e5 Nd5 7. O-O Bg7 8.
Re1 O-O 9. d4 cxd4 10. Nxd5 cxd5 11. Qxd4 Bb7 12. Bg5 Re8 13. Qh4 d4 14. Nxd4
Qb6 15. c3 Qc5 16. Qf4 d6 17. exd6 e5 18. Qh4 Qxd6 19. Nb3 Qc6 20. f3 a5 21.
Qf2 a4 22. Nc5 Bc8 23. b4 axb3 24. axb3 Rxa1 25. Rxa1 Bf8 26. b4 Bf5 27. Be3
Rc8 28. h3 Qd5 29. Rc1 Qc4 30. Qd2 e4 31. fxe4 Bxe4 32. Rf1 Bg7 33. Bd4 Rd8 34.
Rd1 Bxd4+ 35. cxd4 Bd5 36. Rc1 Qb5 37. Qc3 Rb8 38. Rb1 Qc6 39. Qd2 h5 40. Re1
Qb5 41. Re5 Qc4 42. Qe3 Bc6 43. Nd3 Ra8 44. Nf4 Ra1+ 45. Kh2 Qf1 46. d5 Bd7 47.
h4 Qh1+ 48. Kg3 Qb1 49. d6 Qb2 50. Kh2 Qb1 51. Re7 Qf5 52. Qe5 Qg4 53. Qg5 Qxg5
54. hxg5 Bf5 55. d7 Bxd7 56. Rxd7 Rb1 57. Rb7 Kf8 58. Nd5 1-0

[Event "Beijing Sportaccord blitz (Women)"]
[Site "Beijing"]
[Date "2014.12.15"]
[Round "30"]
[White "Kosteniuk, Alexandra"]
[Black "Harika, Dronavalli"]
[Result "1/2-1/2"]
[WhiteElo "2541"]
[BlackElo "2505"]
[PlyCount "108"]
[EventDate "2014.12.13"]
[EventType "tourn (blitz)"]
[EventRounds "30"]
[EventCountry "CHN"]
[EventCategory "12"]
[SourceTitle "CBM 163 Extra"]
[Source "ChessBase"]
[SourceDate "2014.12.23"]
[SourceVersion "1"]
[SourceVersionDate "2014.12.23"]
[SourceQuality "1"]

1. e4 e6 2. d4 d5 3. Nd2 Nf6 4. e5 Nfd7 5. Bd3 c5 6. c3 Nc6 7. Ne2 a5 8. O-O a4
9. Nf3 cxd4 10. cxd4 Be7 11. a3 Nb6 12. Qc2 Bd7 13. Ng3 h6 14. Nh5 Bf8 15. Be3
Na5 16. Nd2 Rc8 17. Qd1 Nbc4 18. Nxc4 Nxc4 19. Qg4 Nxb2 20. Nxg7+ Bxg7 21. Qxg7
Rf8 22. Bxh6 Qe7 23. Be2 b5 24. Bg5 f6 25. Bh5+ Kd8 26. Bxf6 Rxf6 27. exf6 Qd6
28. Rac1 Nc4 29. Rc3 Kc7 30. Be2 Kb6 31. f7 Rf8 32. Bxc4 dxc4 33. Rh3 Qe7 34.
Rf3 Bc6 35. Rf6 Bd5 36. Re1 Qxa3 37. h4 c3 38. Qg5 Ka5 39. Rg6 Rxf7 40. Rb1 Qe7
41. Qe3 b4 42. Rg8 Qc7 43. Rg5 c2 44. Rc1 b3 45. Qxe6 Rd7 46. Rxd5+ Rxd5 47.
Qxd5+ Kb4 48. Qf3 b2 49. Qf8+ Kb3 50. Qg8+ Kb4 51. Qf8+ Kb3 52. Qg8+ Kb4 53.
Qf8+ Kb3 54. Qg8+ Kb4 1/2-1/2

[Event "Beijing Sportaccord Basque (Women)"]
[Site "Beijing"]
[Date "2014.12.16"]
[Round "1.15"]
[White "Kosteniuk, Alexandra"]
[Black "Khotenashvili, Bela"]
[Result "1-0"]
[WhiteElo "2541"]
[BlackElo "2504"]
[PlyCount "49"]
[EventDate "2014.12.16"]
[EventType "swiss"]
[EventRounds "5"]
[EventCountry "CHN"]
[SourceTitle "CBM 163 Extra"]
[Source "ChessBase"]
[SourceDate "2014.12.23"]
[SourceVersion "1"]
[SourceVersionDate "2014.12.23"]
[SourceQuality "1"]

1. e4 c6 2. d4 d5 3. e5 Bf5 4. Nf3 e6 5. Be2 Nd7 6. O-O h6 7. Nbd2 Ne7 8. Nb3
Bh7 9. a4 Nf5 10. a5 Rc8 11. a6 b5 12. Bd2 Qb6 13. Bd3 c5 14. dxc5 Nxc5 15.
Nxc5 Bxc5 16. Ra5 Nd4 17. b4 Be7 18. Be3 Nxf3+ 19. Qxf3 Qc7 20. Rxb5 Bxd3 21.
cxd3 Qxe5 22. Rb7 Bf6 23. Bc5 Ra8 24. Qd1 Kd8 25. Qa4 1-0

[Event "Beijing Sportaccord Basque (Women)"]
[Site "Beijing"]
[Date "2014.12.16"]
[Round "1.16"]
[White "Khotenashvili, Bela"]
[Black "Kosteniuk, Alexandra"]
[Result "0-1"]
[WhiteElo "2504"]
[BlackElo "2541"]
[PlyCount "84"]
[EventDate "2014.12.16"]
[EventType "swiss"]
[EventRounds "5"]
[EventCountry "CHN"]
[SourceTitle "CBM 163 Extra"]
[Source "ChessBase"]
[SourceDate "2014.12.23"]
[SourceVersion "1"]
[SourceVersionDate "2014.12.23"]
[SourceQuality "1"]

1. d4 Nf6 2. Nf3 e6 3. Bf4 c5 4. e3 Nc6 5. Nbd2 b6 6. h3 Bb7 7. c3 Be7 8. Bd3
O-O 9. O-O cxd4 10. exd4 d5 11. Qe2 Re8 12. Ne5 Nxe5 13. Bxe5 Nd7 14. Bg3 Bf6
15. Nf3 g6 16. h4 Bg7 17. h5 a6 18. Bf4 Nf6 19. hxg6 hxg6 20. Ne5 Nh5 21. Bh2
Qg5 22. f4 Qh4 23. g4 Nf6 24. Kg2 Ne4 25. Rf3 Bxe5 26. Rh3 Qf2+ 27. Qxf2 Nxf2
28. Kxf2 Bg7 29. f5 exf5 30. gxf5 g5 31. a4 Rac8 32. f6 Bxf6 33. Rh6 Rc6 34.
Rh1 Bxd4+ 35. cxd4 Rxh6 36. Kg2 Re3 37. Rd1 Bc8 38. Bg1 Bh3+ 39. Kf2 Rhe6 40.
Bxa6 g4 41. Bh2 Rf3+ 42. Kg1 g3 0-1

[Event "Beijing Sportaccord Basque (Women)"]
[Site "Beijing"]
[Date "2014.12.16"]
[Round "2.3"]
[White "Dzagnidze, Nana"]
[Black "Kosteniuk, Alexandra"]
[Result "1/2-1/2"]
[WhiteElo "2570"]
[BlackElo "2541"]
[PlyCount "140"]
[EventDate "2014.12.16"]
[EventType "swiss"]
[EventRounds "5"]
[EventCountry "CHN"]
[SourceTitle "CBM 163 Extra"]
[Source "ChessBase"]
[SourceDate "2014.12.23"]
[SourceVersion "1"]
[SourceVersionDate "2014.12.23"]
[SourceQuality "1"]

1. d4 Nf6 2. c4 e6 3. Nf3 b6 4. g3 Bb7 5. Bg2 Be7 6. Nc3 Ne4 7. Nxe4 Bxe4 8.
O-O O-O 9. Bf4 d6 10. Qc1 Nd7 11. Rd1 a5 12. Qe3 Bb7 13. Rac1 h6 14. Qd3 Nf6
15. Ne1 Bxg2 16. Nxg2 Nd7 17. Qf3 Qe8 18. Qc6 Qc8 19. e4 Bf6 20. Be3 a4 21. f4
Ra5 22. e5 dxe5 23. fxe5 Be7 24. Nf4 Rd8 25. Qe4 Qa8 26. d5 Nc5 27. Bxc5 Bxc5+
28. Kg2 b5 29. Kf3 bxc4 30. dxe6 Qxe4+ 31. Kxe4 Rb8 32. exf7+ Kxf7 33. Rd7+ Kg8
34. Rxc7 Re8 35. e6 g5 36. Nd5 Rxe6+ 37. Kf5 Rd6 38. Nf6+ Kf8 39. Kg6 Rxf6+ 40.
Kxf6 Bd4+ 41. Kg6 Ra6+ 42. Kh5 Bxb2 43. R1xc4 a3 44. Rb7 Ra8 45. Rcc7 Kg8 46.
g4 Be5 47. Rd7 Bxh2 48. Rg7+ Kf8 49. Rbf7+ Ke8 50. Rb7 Bd6 51. Rgd7 Bf8 52. Rd5
Rc8 53. Re5+ Kd8 54. Rd5+ Ke8 55. Kg6 Rc6+ 56. Kf5 Bd6 57. Ra5 Be7 58. Raa7
Rc5+ 59. Kg6 Rc6+ 60. Kh5 Re6 61. Rxe7+ Rxe7 62. Rxe7+ Kxe7 63. Kxh6 Kf6 64.
Kh5 Kf7 65. Kxg5 Kg7 66. Kf5 Kf7 67. Ke5 Kg6 68. Ke4 Kg5 69. Kf3 Kg6 70. Kf4
Kf6 1/2-1/2